00467nam a2200145Ia 4500008004100000041000800041082001200049100001600061245002300077260004500100300003300145365001100178999001500189952011700204240624s9999 xx 000 0 und d aeng a920 IVE aIYENGAR UMA aOXFORD INDIA NEHRU c2007aNew DelhibOxford University press axxiii, : 758 : p. : cm. ; 22 cRSb30 c7996d7996 00104070aIMTNbIMTNcRack 43-Bd2008-01-07eAPg795.00o920 IVEp7996r2024-06-24 00:00:00t1w2024-06-24yBK